• 首页
  • 本馆介绍
  • 公告通知
  • 最新文献
  • 馆藏检索
  • 电子资源
  • 读者导购
  • 参考咨询
  • 我的图书馆
  • 登录
  • 详细信息显示
  • 放入我的书架
  • 预约/预借图书
  • 作者相关作品
  • 分类相关作品
  • 丛书相关作品
  • 出版社相关作品

书目信息

  • 表格格式
  • 工作单格式
  • 卡片格式
题名:
美国环境保护署 暴露评估指南
    
 
作者: 陈会明 , 李晞 主译
分册:  
出版信息: 北京   中国质检出版社  2014
页数: 20,144页
开本: 21cm
丛书名:
单 册:
中图分类: X503.1
科图分类:
主题词: 环境污染--影响--健康--风险评价--指南 , 环境污染 , 健康 , 风险评价
电子资源:
ISBN: 978-7-5066-7732-5
000 01028nam0 2200289 450
001 012015000090
005 20151130144722.68
010    @a978-7-5066-7732-5@dCNY35.00
100    @a20150310d2014 em y0chiy50 ea
101 0  @achi
102    @aCN@b110000
105    @ay z 000yy
106    @ar
200 1  @a美国环境保护署 暴露评估指南@Amei guo huan jing bao hu shu bao lu ping gu zhi nan@dU.S. EPA——guidelines for exposure assessment@zeng@f陈会明,李晞主译
210    @a北京@c中国质检出版社@c中国标准出版社@d2014
215    @a20,144页@d21cm
330    @a本书主要内容包括:暴力评估基本概念、设计暴露评估、暴露评估的数据收集和开发、使用数据确定/估计暴露与计量等。
510 1  @aU.S. EPA——guidelines for exposure assessment@zeng
606 0  @a环境污染@x影响@x健康@x风险评价@j指南
606 0  @a环境污染
606 0  @a健康
606 0  @a风险评价
690    @aX503.1@v5
701  0 @a陈会明@Achen hui ming@4主译
701  0 @a李晞@Ali xi@4主译
801  0 @aCN@b碧洲教育@c20151127
905    @a10447@f2@dX503.1@e138
    
    美国环境保护署 暴露评估指南=U.S. EPA——guidelines for exposure assessment/陈会明,李晞主译.-北京:中国质检出版社:中国标准出版社,2014
    20,144页;21cm
    
    
    ISBN 978-7-5066-7732-5:CNY35.00
    本书主要内容包括:暴力评估基本概念、设计暴露评估、暴露评估的数据收集和开发、使用数据确定/估计暴露与计量等。
●
相关链接 在E读中查询图书 在五车中查询图书 在当当中查询图书 在豆瓣中查询图书


正题名:美国环境保护署 暴露评估指南     索取号:X503.1/138         预约/预借

序号 登录号 条形码 馆藏地/架位号 状态 备注
1 0871828   208718280   第二样本阅览室/ [索取号:X503.1/138] 在馆    
2 0871829   208718299   第三借阅区/ [索取号:X503.1/138] 在馆    
唐山师范学院图书馆 欢迎您!
大连网信软件有限公司© 版权所有